000 00614nam a2200253Ia 4500
005 20260121114058.0
008 008 260114s9999 xx 000 0 eng d
020 _a9780471758150
037 _aEBOOK
040 _aCRL
040 _beng
040 _cCRL
041 _2eng
041 _aeng
084 _qCRL
100 _aPaul
_9970604
245 0 _aIntroduction to Electromagnetic Compatibility, Second Edition
260 _bWiley
260 _c2005
856 _uhttps://onlinelibrary.wiley.com/doi/book/10.1002/0471758159
942 _cEBOOK
999 _c1549858
_d1549858